|
|
|
|
| LEADER |
00000ny a22000003n 4500 |
| 005 |
20110615120150.0 |
| 008 |
090708s2009 sp 000 0 spa d |
| 017 |
|
|
|a DL. B. 18254-2009
|
| 020 |
|
|
|a 9788476988428
|
| 035 |
|
|
|a 3358
|
| 040 |
|
|
|a NoBUC-UAM.D
|d vLex
|
| 080 |
|
|
|a 341.63(460)
|
| 090 |
|
|
|c 697
|d 697
|
| 245 |
0 |
3 |
|a El arbitraje internacional
|b cuestiones de actualidad
|h [Recurso electrn̤ico]
|c Francisco Jos ̌Pelèz Sanz, Miquel Gri ̨̤Tomas (directores) ; Nr︢ia Ginš Castellet (coord.) ; Gonzalo Stampa ... [et al.]
|
| 256 |
|
|
|a Servicio en ln̕ea
|
| 260 |
|
|
|a Barcelona :
|b Bosch,
|c 2009
|
| 300 |
|
|
|a 267 p.
|c 21 cm
|
| 506 |
1 |
|
|a Contenido solo disponible en los productos indicados
|d vLex Global
|d vLex Global (Academic Edition, excluding Law Schools)
|d vLex Global (U.S. Academic Edition, Law Schools)
|d vLex Global (U.S. Academic Edition, excluding Law Schools)
|d vLex Global (Academic Edition, Law Schools)
|
| 650 |
0 |
4 |
|a Arbitraje internacional
|z Espaą
|
| 700 |
|
|
|a Ginš Castellet, Nuria,
|e coord.
|
| 700 |
|
|
|a Gri ̨̤Toms̀, Miquel,
|e dir.
|
| 700 |
|
|
|a Pelèz Sanz, Francisco Jos,̌
|e dir.
|
| 740 |
0 |
|
|a vLex Libros (Servicios en ln̕ea)
|
| 856 |
4 |
0 |
|u http://vlex.com/source/3358
|z Acceso restringido
|
| 942 |
|
|
|c BOOK
|
| 999 |
0 |
|
|a Arbitration, International
|b Barcelona
|